00437nam a2200145Ia 4500008004100000020001800041041000800059082002700067100005200094245005200146250000800198260003300206300001500239650003700254260316s2024 xx 000 0 und d a9789389825725 aeng a615.19 CHI/KAL/DES/PAT aCHITLANGE S., KALE RUPALI, DESHKAR S., PATIL B. aPHARMACEUTICAL QUALITY ASSURANCE (TYBP- SEM-VI) a6TH aPUNEbNIRALI PRAKASHANc2024 a12.22+B.2p aPHARMACEUTICAL QUALITY ASSURANCE